[Event "Vojens Sonderjysk EMT B"]
[Site "Vojens"]
[Date "2015.06.13"]
[Round "7"]
[White "Iversen, Michael"]
[Black "Lindgaard, Tobias Simon"]
[Result "0-1"]
[WhiteElo "1300"]
[BlackElo "1551"]
[PlyCount "112"]
[EventDate "2015.04.27"]
[EventType "tourn"]
[EventRounds "7"]
[EventCountry "DEN"]
[SourceTitle "EXT 2023"]
[Source "ChessBase"]
[SourceDate "2022.10.05"]
[SourceVersion "1"]
[SourceVersionDate "2022.10.05"]
[SourceQuality "1"]

1. e4 b6 2. Nc3 Bb7 3. Nf3 e6 4. d3 Nf6 5. g3 Be7 6. Bg2 d6 7. 0-0 Nbd7 8. a3 a6 9. Re1 0-0 10. b4 Ne5 11. Nxe5 dxe5 12. Bb2 c5 13. Na2 Qc7 14. Qd2 cxb4 15. axb4 Rac8 16. c3 Rfd8 17. Nc1 b5 18. Qe2 Nd7 19. Nb3 Nb6 20. Rac1 Na4 21. Na5 Nxb2 22. Qxb2 Rxd3 23. Nxb7 Qxb7 24. f3 Qc7 25. Red1 Rxd1+ 26. Rxd1 Qxc3 27. Qxc3 Rxc3 28. Rd7 Bxb4 29. Rd8+ Bf8 30. Ra8 Rc6 31. Bf1 Rb6 32. Kf2 g6 33. Ke3 Kg7 34. Kd3 g5 35. Kc3 h5 36. Be2 Bd6 37. h3 Kf6 38. g4 h4 39. Kb3 Ke7 40. Ra7+ Ke8 41. Ra8+ Kd7 42. Ra7+ Bc7 43. Kb4 Kc6 44. Ka5 Rb7+ 45. Kxa6 Rxa7+ 46. Kxa7 b4 47. Bd1 Bb6+ 48. Ka6 Bd4 49. Bb3 Bc3 50. Ka5 Kc5 51. Ka4 Kd4 52. Bd1 Ke3 53. Kb3 Kf2 54. Kc2 Kg3 55. Kd3 Kxh3 56. Ke2 Kg2 0-1

[Event "Vojens Sonderjysk EMT B"]
[Site "Vojens"]
[Date "2015.05.04"]
[Round "2"]
[White "Kristensen, Karl Martin"]
[Black "Iversen, Michael"]
[Result "1/2-1/2"]
[WhiteElo "1409"]
[BlackElo "1300"]
[PlyCount "89"]
[EventDate "2015.04.27"]
[EventType "tourn"]
[EventRounds "7"]
[EventCountry "DEN"]
[SourceTitle "EXT 2023"]
[Source "ChessBase"]
[SourceDate "2022.10.05"]
[SourceVersion "1"]
[SourceVersionDate "2022.10.05"]
[SourceQuality "1"]

1. c4 e5 2. Nc3 Nf6 3. e4 d6 4. d3 Nc6 5. h3 Be7 6. Be3 0-0 7. Nf3 a6 8. d4 exd4 9. Nxd4 Nxd4 10. Bxd4 c5 11. Be3 Be6 12. Bd3 Nd7 13. b3 Bf6 14. Qc2 Ne5 15. Be2 Qa5 16. Bd2 Qc7 17. 0-0 Nc6 18. Rad1 Nd4 19. Qd3 Nxe2+ 20. Nxe2 Rad8 21. Nf4 Be5 22. Nd5 Bxd5 23. exd5 Rfe8 24. Kh1 Rb8 25. f4 Bd4 26. Rde1 Qd7 27. Bc3 Bxc3 28. Qxc3 Qf5 29. Qd2 h6 30. Rf2 Rxe1+ 31. Qxe1 Kf8 32. Kh2 Re8 33. Qd2 Qd7 34. Re2 Rxe2 35. Qxe2 Qf5 36. Qd2 b5 37. g4 Qe4 38. cxb5 axb5 39. Kg3 c4 40. Kf2 cxb3 41. axb3 f6 42. Kg3 g5 43. f5 Qe5+ 44. Kg2 Qe4+ 45. Kg3 1/2-1/2